000 01159nam0a22003491 4500
001 v19\rc\1992664
005 20251118181424.8
035 _a(NLR Aleph) 005090543
090 _a7292399
_c7292399
100 _a20251123 rusy50
101 0 _arus
102 _aRU
105 _ay z |||||
200 1 _aО преподавании истории
_fФеод. Шмит
210 _aХарьков
_cтип. "Печ. дело"
_d1915
215 _a12 с.
_d26
311 _aОтт. из № 2 журн. "Наука и школа"
488 0 _12001#$aНаука и школа$v№ 2
_tНаука и школа
532 1 3 _aО преподавании истории
700 1 _7ca
_8rus
_aШмит
_bФ. И.
_cискусствовед
_f1877-1941
_gФедор Иванович
_9225270
_3RU\NLR\AUTH\770225326
790 1 _aШмит
_bФеод.
_f1877-1941
801 0 _aRU
_bNLR
_gpsbo
801 0 _aRU
_bRuMoRGB
_2psbo
801 1 _aRU
_bProSoft-M
_2rusmarc
852 _aNLR
_j37.62.4.105
899 _aRuMoRGB
_jV 113/1494
899 _aБАН
899 _aГПИБ
899 _aНБ МГУ
942 _cBOOK
980 _aNB